| 000 | 00871nam a2200217Ii 4500 | ||
|---|---|---|---|
| 003 | JO-AjNU | ||
| 008 | 230605s9999||||xx |||||||||||||| ||und|| | ||
| 017 | _a2016/10/4827 | ||
| 020 | _a978-9957-631-15-4 | ||
| 040 |
_aJO-AjNU _bara _erda _cJO-AjNU |
||
| 041 | _aara | ||
| 050 | 1 | 4 | _aKMM48.3.2017 |
| 100 | 3 |
_aعطروش، عبد الحكيم محسن, _eauthor _956666 |
|
| 245 | 0 | 0 | _aالقانون الدولي الخاص في المملكة الأردنية الهاشمية : تنازع القوانين والاختصاص القضائي الدولي |
| 250 | _aط1 | ||
| 264 | 3 | 1 | _aاربد : عالم الكتب ، 2017 |
| 300 |
_a281ص _bيشتمل على ملاحق ص( 271-276) ويشتمل على مراجع ببلوغرافيةص(277-281) |
||
| 336 |
_atext _btxt _2rdacontent |
||
| 337 |
_aunmediated _bn _2rdamedia |
||
| 338 |
_avolume _bnc _2rdacarrier |
||
| 999 |
_aA25348 _c28916 _d28916 |
||